日本の果物収穫量ランキングTop17 - Statistics

General Stats
  • This quiz has been taken 36 times
  • The average score is 12 of 17
Answer Stats
順位 果物 収穫量 (t) % Correct
2 りんご 604,000
100%
1 みかん 681,600
97%
7 いちご 161,800
97%
6 ぶどう 167,000
94%
9 もも 109,500
91%
5 日本なし 183,400
85%
8 メロン 145,200
85%
3 すいか 303,700
82%
16 パイナップル 6,750
71%
13 さくらんぼ 17,300
65%
4 185,200
62%
11 キウイフルーツ 22,100
59%
12 西洋なし 19,700
59%
10 うめ 95,500
44%
14 すもも 17,100
44%
15 くり 15,000
29%
17 びわ 2,310
24%
No matching quizzes found
Score Distribution
Percent of People with Each Score
Percentile by Number Answered
Your Score History
You have not taken this quiz